000 00575nam a22001817a 4500
999 _c190255
_d190255
005 20220721113428.0
010 _aENG-133758
020 _c60.00
_a9789383657469
035 _aEN-117290
037 _bDBAD/PUB
082 _a306.095479
100 _aPhuley, Jotirao
245 _aCultivator's Whipcord/
_cJotirao Phuley
260 _aNew Delhi
_bCritical Quest
_c2018
270 _a420, G-Block, Phase VI, Aya Nagar
_bNew Delhi
_e110047
_k9910036543
_mcriticalquest@gmail.com
300 _a80p.
_c21cm(pbk)
_bAppendices
942 _2ddc
_cEN
_h306.095479
_mPHU